<?xml version="1.0" encoding="UTF-8"?>
<record
    xmlns:xsi="http://www.w3.org/2001/XMLSchema-instance"
    xsi:schemaLocation="http://www.loc.gov/MARC21/slim http://www.loc.gov/standards/marcxml/schema/MARC21slim.xsd"
    xmlns="http://www.loc.gov/MARC21/slim">

  <leader>05422cam a22003615a 4500</leader>
  <controlfield tag="001">15164613</controlfield>
  <controlfield tag="003">EG-ScBUE</controlfield>
  <controlfield tag="005">20220419123717.0</controlfield>
  <controlfield tag="008">080201r20052004enka   f b    001 0 eng d</controlfield>
  <datafield tag="020" ind1=" " ind2=" ">
    <subfield code="a">082648803X </subfield>
  </datafield>
  <datafield tag="020" ind1=" " ind2=" ">
    <subfield code="a">9780826488039</subfield>
  </datafield>
  <datafield tag="040" ind1=" " ind2=" ">
    <subfield code="a">DLC</subfield>
    <subfield code="b">eng</subfield>
    <subfield code="e">rda</subfield>
    <subfield code="c">DLC</subfield>
    <subfield code="d">EG-ScBUE</subfield>
  </datafield>
  <datafield tag="082" ind1="0" ind2="4">
    <subfield code="2">22</subfield>
    <subfield code="a">410.285</subfield>
    <subfield code="b">COR</subfield>
  </datafield>
  <datafield tag="245" ind1="0" ind2="0">
    <subfield code="a">Corpus linguistics :</subfield>
    <subfield code="b">readings in a widening discipline /</subfield>
    <subfield code="c">edited by Geoffrey Sampson and Diana McCarthy.</subfield>
  </datafield>
  <datafield tag="250" ind1=" " ind2=" ">
    <subfield code="a">Paperback ed.</subfield>
  </datafield>
  <datafield tag="264" ind1=" " ind2=" ">
    <subfield code="a">London :</subfield>
    <subfield code="b">Continuum,</subfield>
    <subfield code="c">2005.</subfield>
  </datafield>
  <datafield tag="300" ind1=" " ind2=" ">
    <subfield code="a">xiv, 524 pages :</subfield>
    <subfield code="b">illustrations ;</subfield>
    <subfield code="c">25 cm.</subfield>
  </datafield>
  <datafield tag="336" ind1=" " ind2=" ">
    <subfield code="2">rdacontent</subfield>
    <subfield code="a">text</subfield>
    <subfield code="b">txt</subfield>
  </datafield>
  <datafield tag="337" ind1=" " ind2=" ">
    <subfield code="2">rdamedia</subfield>
    <subfield code="a">unmediated</subfield>
    <subfield code="b">n</subfield>
  </datafield>
  <datafield tag="338" ind1=" " ind2=" ">
    <subfield code="2">rdacarrier</subfield>
    <subfield code="a">volume</subfield>
    <subfield code="b">nc</subfield>
  </datafield>
  <datafield tag="490" ind1="0" ind2=" ">
    <subfield code="a">Open linguistics series</subfield>
  </datafield>
  <datafield tag="500" ind1=" " ind2=" ">
    <subfield code="a">Papers, some rev., previously published in various sources, 1952-2002.</subfield>
  </datafield>
  <datafield tag="504" ind1=" " ind2=" ">
    <subfield code="a">Includes bibliographical references and index.
</subfield>
  </datafield>
  <datafield tag="505" ind1=" " ind2=" ">
    <subfield code="a">1. Introduction -- 2. From The Structure of English (1952) Charles Carpenter Fries -- 3. A Standard Corpus of Edited Present -day American English (1965) W. Nelson Francis -- 4. On the Distribution of Noun-phrase Types in English Clause-structure (1971) F.G.A.M. Aarts -- 5. Predicting Text Segmentation into Tone Units (1986) Bengt Altenberg -- 6. Typicality and Meaning Potentials (1986) Patrick Hanks -- 7. Historical Drift in Three English Genres (1987) Douglas Biber and Edward; Finegan -- 8. Corpus Creation (1987) John Sinclair -- 9. Cleft and Pseudo-cleft Constructions in English Spoken and Written Discourse (1987) Peter C. Collins -- 10. What is Wrong with Adding One? (1989) William Gale and Kenneth Church -- 11. A Statistical Approach to Machine Translation (1990) Peter F. Brown, et al. -- 12. A Point of Verb Syntax in South-western British English: An Analysis of a Dialect Continuum (1991) Ossl lhalainen -- 13. Using Corpus Data in the Swedish Academy Grammar (1991) Staffan Hellberg -- 14. On the History of That/Zero as Object Clause Links in English (1991) Matti Rissanen -- 15. Encoding the British National Corpus (1992) Gavin Burnage and Dominic Dunlop -- 16. Computer Corpora - What Do They Tell Us about Culture? (1992) Geoffrey Leech and Roger Fallon -- 17. Representativeness in Corpus Design (1992) Douglas Biber -- 18. A Corpus-driven Approach to Grammar: Principles, Methods and Examples (1993) Gill Francis -- 19. Structural Ambiguity and Lexical Relations (1993) Donald Hindle and Mats Rooth -- 20. Irony in the Text or Insincerity in the Writer? The Diagnostic Potential of Semantic Prosodies (1993) William Louw -- 21. Building a Large Annotated Corpus of English: The Penn Treebank (1993) Mitchell P. Marcus, et al. -- 22. Automatically Extracting Collocations from Corpora for Language Learning (1994) Kenji Kita, et al. -- 23. Developing and Evaluating a Probabilistic LR Parser of Part-of-Speech and Punctuation Labels (1995) E.J. Briscoe and J.A. Carroll -- 24. Why a Fiji Corpus? (1996) Jan Tent and France Mugler -- 25. Treebank Grammars (1996) Eugene Charniak -- 26. English Corpus Linguistics and the Foreign Language Teaching Syliabus (1996) Dieter Mindt -- 27. Data-oriented Language Processing: An Overview (1996) L.W.M. Bod and R.J.H. Scha -- 28. Conflict Talk: A Comparison of the Verbal Disputes between Adolescent Females in Two Corpora (1996) Ingrid Kristine Hasund and Anna-Brita Stenstrom -- 29. Assessing Agreement on Classification Tasks: The Kappa Statistic (1996) Jean Carletta -- 30. Linguistic and Interactional Features of Internet Relay Chat (1996) Christopher C. Werry -- 31. Distinguishing Systems and Distinguishing Senses: New Evaluation Methods for Word Sense Disambiguation (1997) Philip Resnik and David Yarowsky -- 32. Qualification and Certainty in L1 and L2 Students' Writing (1997) Kenneth Hyland and John Milton -- 33. Analysing and Predicting Patterns of DAMSL Utterance Tags (1998) Mark G. Core -- 34. Assessing Claims about Language Use with Corpus Data - Swearing and Abuse (1998) Anthony McEnery, et al. -- 35. The Syntax of Disfluency in Spontaneous Spoken Language (1998) David McKelvie -- 36. The Use of Large Text Corpora for Evaluating Text-to-Text Speech Systems (1998) Louis C.W. Pols et al. -- 37. The Prague Dependency Treebank: How Much of the Underlying Syntactic Structure can be Tagged Automaticaly? (1999) Alena Bohmova and Eva Hajicova -- 38. Reflections of a Dendrographer (1999) Geoffrey Sampson -- 39. A Generic Approach to Software Support for Linguistic Annotation Using XML (2000) Jean Carletta, et al. --
40. Europe's Ignored Languages (2001) Anthony McEnery --
41. Semi-automatic Tagging of Intonation in French Spoken Corpora (2001) Estelle Campione and Jean Veronis --
42. Web as Corpus (2001) Adam Kilgarriff -- 43. Intonational Variation in the British Isles (2002) Esther Grabe and Brechtje Post
</subfield>
  </datafield>
  <datafield tag="520" ind1=" " ind2=" ">
    <subfield code="a">These days, corpora are being used to advance nearly every aspect of language study, from computer processing techniques to literary stylistics and improved language-teaching methods. This title seeks to provide a complete catalogue of a given language, and to use this data to test language hypotheses.</subfield>
  </datafield>
  <datafield tag="650" ind1=" " ind2="7">
    <subfield code="a">Computational linguistics.</subfield>
    <subfield code="2">BUEsh</subfield>
    <subfield code="9">4459</subfield>
  </datafield>
  <datafield tag="651" ind1=" " ind2=" ">
    <subfield code="2">BUEsh</subfield>
  </datafield>
  <datafield tag="653" ind1=" " ind2=" ">
    <subfield code="b">HHUUEENN</subfield>
    <subfield code="c">October2016</subfield>
  </datafield>
  <datafield tag="655" ind1=" " ind2=" ">
    <subfield code="v">Reading book</subfield>
    <subfield code="9">34232</subfield>
  </datafield>
  <datafield tag="700" ind1="1" ind2=" ">
    <subfield code="a">Sampson, Geoffrey&#x200F;,</subfield>
    <subfield code="e">editor.</subfield>
    <subfield code="9">41404</subfield>
  </datafield>
  <datafield tag="700" ind1="1" ind2=" ">
    <subfield code="a">McCarthy, Diana&#x200F;,</subfield>
    <subfield code="e">editor.</subfield>
    <subfield code="9">41405</subfield>
  </datafield>
  <datafield tag="942" ind1=" " ind2=" ">
    <subfield code="2">ddc</subfield>
    <subfield code="e">22</subfield>
    <subfield code="k">410.285 COR</subfield>
    <subfield code="c">BB</subfield>
  </datafield>
  <datafield tag="999" ind1=" " ind2=" ">
    <subfield code="c">22492</subfield>
    <subfield code="d">22464</subfield>
  </datafield>
  <datafield tag="952" ind1=" " ind2=" ">
    <subfield code="0">0</subfield>
    <subfield code="1">0</subfield>
    <subfield code="2">ddc</subfield>
    <subfield code="4">0</subfield>
    <subfield code="7">0</subfield>
    <subfield code="8">Baccah</subfield>
    <subfield code="a">MAIN</subfield>
    <subfield code="b">MAIN</subfield>
    <subfield code="c">2ND</subfield>
    <subfield code="d">2016-10-10</subfield>
    <subfield code="e">Purchase</subfield>
    <subfield code="g">409.00</subfield>
    <subfield code="h">26103</subfield>
    <subfield code="l">0</subfield>
    <subfield code="o">410.285 COR</subfield>
    <subfield code="p">000033490</subfield>
    <subfield code="r">2025-07-15 00:00:00</subfield>
    <subfield code="v">512.00</subfield>
    <subfield code="w">2016-10-10</subfield>
    <subfield code="y">BB</subfield>
  </datafield>
</record>
